Normal view MARC view
  • Roussel, Linda.

Entry Personal Name

Number of records used in: 2

001 - CONTROL NUMBER

  • control field: 2094

003 - CONTROL NUMBER IDENTIFIER

  • control field: URS

005 - DATE AND TIME OF LATEST TRANSACTION

  • control field: 20220823115224.0

008 - FIXED-LENGTH DATA ELEMENTS

  • fixed length control field: 220823|| aca||aabn | a|a d

040 ## - CATALOGING SOURCE

  • Original cataloging agency: URS

100 ## - HEADING--PERSONAL NAME

  • Personal name: Roussel, Linda.
  • Relator term: editor.

University of Rizal System
Email us at univlibservices@urs.edu.ph

Visit our Website www.urs.edu.ph/library